Fatawa Islamiyah Islamic Verdicts (Vol-1) / (Record no. 197078)
[ view plain ]
| 000 -LEADER | |
|---|---|
| fixed length control field | 00636 a2200157 4500 |
| 003 - CONTROL NUMBER IDENTIFIER | |
| control field | NUST |
| 005 - DATE AND TIME OF LATEST TRANSACTION | |
| control field | 20221209144221.0 |
| 040 ## - CATALOGING SOURCE | |
| Transcribing agency | Nust |
| 082 ## - DEWEY DECIMAL CLASSIFICATION NUMBER | |
| Classification number | 297.55,BAZ |
| 100 ## - MAIN ENTRY--PERSONAL NAME | |
| Personal name | Baz, Shaykh Abdul Aziz Bin Abdullah Bin |
| 9 (RLIN) | 104566 |
| 245 ## - TITLE STATEMENT | |
| Title | Fatawa Islamiyah Islamic Verdicts (Vol-1) / |
| Statement of responsibility, etc. | Shaykh Abdul Aziz Bin Abdullah Bin Baz |
| 260 ## - PUBLICATION, DISTRIBUTION, ETC. | |
| Place of publication, distribution, etc. | London |
| Name of publisher, distributor, etc. | Darussalam |
| Date of publication, distribution, etc. | 2001 |
| 300 ## - PHYSICAL DESCRIPTION | |
| Extent | 396 p.: |
| 505 ## - FORMATTED CONTENTS NOTE | |
| Formatted contents note | The Book of Creed (Page-1), Our Prophet Muhammad (P.B.U.H) (Page-271), Isa peace upon him (Page-302), Sects and Movements (Page-325), The Book of Knowledge (Page-367), The Sunam of Al Fitrah (Page-379). |
| 942 ## - ADDED ENTRY ELEMENTS (KOHA) | |
| Source of classification or shelving scheme | |
| Koha item type | Book |
| Call number prefix | 297.55,BAZ |
| Withdrawn status | Lost status | Source of classification or shelving scheme | Damaged status | Not for loan | Permanent Location | Current Location | Shelving location | Date acquired | Full call number | Barcode | Date last seen | Price effective from | Koha item type | Public note | Collection code | Total Checkouts |
|---|---|---|---|---|---|---|---|---|---|---|---|---|---|---|---|---|
| Military College of Signals (MCS) | Military College of Signals (MCS) | General Stacks | 12/12/2016 | 297.55,BAZ | MCS32978 | 12/08/2016 | 12/12/2016 | Book | Almirah No 64, Shelf No 2 | |||||||
| Military College of Signals (MCS) | Military College of Signals (MCS) | General Stacks | 12/12/2016 | 297.55,BAZ | MCS33076 | 12/08/2016 | 12/12/2016 | Book | Almirah No.47, Shelf No.4 | |||||||
| Military College of Signals (MCS) | Military College of Signals (MCS) | 12/12/2016 | 297.55 BAZ | MCS33077 | 12/08/2016 | 12/12/2016 | Book | |||||||||
| Military College of Signals (MCS) | Military College of Signals (MCS) | 12/12/2016 | 297.55 BAZ | MCS33078 | 12/08/2016 | 12/12/2016 | Book |
